00313 2200133 4500001002100000005001500021035002000036245004400056100002800100300001200128260001500140082001200155990001200167INLIS00000000000215420250527114313 a0010-05250004461 aKarbon Cinta /cMuh. Mahdi Al-Istankudi0 aMuh. Mahdi Al-Istankudi a192 hlm bIBS,c2004 a297.648 a0712691